000
00255nam a22001097a 4500
040
_c
SK
082
_a
530
100
_a
ក្រសួងអប់រំ
245
_a
រូបវិទ្យា
260
_a
Phnom Penh
_b
អប់រំ
_c
2001
942
_c
KB
999
_c
8478
_d
8478